00502nam a2200157 i 450000100060000000300090000600500170001500700030003200800410003510000300007624500880010626000860019430000220028085200210030285200210032374402ES-MaACL20230906172124.0t|040917s1927 mx ||||1| spa d1 aGonzález Roa, Fernando.14aLas cuestiones fundamentales de actualidad en México / cFernando González Roa. aMéxico : b[s. n., c1927] (fImp. de la Secretaría de Relaciones Exteriores) a252 p. ; c24 cm. aES-MaACLjA-1026 aES-MaACLjF-8315